Exodo : (Registro nro. 35457)

Detalles MARC
000 -CABECERA
Longitud fija campo de control 00913nam a2200277 c 4500
003 - • IDENTIFICADOR DELl NÚMERO DE CONTROL
Identificador del número de control CO-ViMGA
005 - • FECHA Y HORA DE LA ÚLTIMA TRANSACCIÓN
Fecha y hora de la última transacción 20230915233130.0
008 - • CÓDIGOS DE INFORMACIÓN DE LONGITUD FIJA
Códigos de información de longitud fija 131125s2013 sp a | |||| 000 0 spa
020 ## - • NÚMERO INTERNACIONAL NORMALIZADO PARA LIBROS
Número Internacional Normalizado para Libros (ISBN) 9788415832171
040 ## - FUENTE DE LA CATALOGACIÓN
Centro catalogador de origen CO-ViMGA
Lengua de catalogación spa
Centro transcriptor CO-ViMGA
041 1# - • CÓDIGO DE LENGUA
Código de lengua original eng
082 04 - • NÚMERO DE LA CLASIFICACIÓN DECIMAL DEWEY
Número de clasificación (R) 325.2
Número del ítem C65e
100 1# - • PUNTO DE ACCESO PRINCIPAL-NOMBRE DE PERSONA
Nombre de persona Collier, Paul
Fechas asociadas al nombre 1949-
240 10 - • TÍTULO UNIFORME
Título uniforme <a href="Exodus">Exodus</a>
245 10 - • TITULO PROPIAMENTE DICHO
Título Exodo :
Resto del título inmigrantes, emigrantes y países
Mención de responsabilidad, etc. Paul Collier ; traducción de Miguel Ros Gonzalez
250 ## - • MENCI&Oacute;N DE EDICI&Oacute;N
Mención de edición 1a. ed.
300 ## - • DESCRIPCI&Oacute;N F&Iacute;SICA
Extensión 348 p.
Otras características físicas graf.
Dimensiones 22 cm
490 0# - • MENCI&Oacute;N DE SERIE
Mención de serie Coleccion Noema
504 ## - • NOTA DE BIBLIOGRAF&Iacute;A, ETC
Nota de bibliografía, etc. Bibliografía: p. 337-348
650 17 - • PUNTO DE ACCESO ADICIONAL DE MATERIA - T&Eacute;RMINO DE MATERIA
Término de materia o nombre geográfico como elemento inicial Emigración e inmigración
Subdivisión de materia general Aspectos económicos
Fuente del encabezamiento o término embne
650 17 - • PUNTO DE ACCESO ADICIONAL DE MATERIA - T&Eacute;RMINO DE MATERIA
Término de materia o nombre geográfico como elemento inicial Emigración e inmigración
Subdivisión de materia general Aspectos sociales
Fuente del encabezamiento o término embne
650 17 - • PUNTO DE ACCESO ADICIONAL DE MATERIA - T&Eacute;RMINO DE MATERIA
Término de materia o nombre geográfico como elemento inicial Emigración e inmigración
Subdivisión de materia general Política gubernamental
Fuente del encabezamiento o término embne
942 ## - ENTRADA DE ELEMENTOS AGREGADOS (KOHA)
Fuente de clasificaión o esquema Dewey Decimal Classification
Koha [por defecto] tipo de item LIbro
Existencias
Perdido Fuente de clasificaci&oacute;n o esquema Estado Físico No para pr&eacute;stamo Forma de adquisición Localizaci&oacute;n permanente Localizaci&oacute;n actual Fecha adquisici&oacute;n Pr&eacute;stamos totales Signatura completa C&oacute;digo de barras Fecha &uacute;ltima consulta N&uacute;mero de copia Fecha del precio de reemplazo Tipo de item de Koha
  Dewey Decimal Classification     Sala Especializada Tercer Piso Biblioteca Pública Germán Arciniegas - Villavicencio Biblioteca Pública Germán Arciniegas - Villavicencio 04/27/2016   325.2 C65e 29985 04/27/2016 Ej. 1 04/27/2016 LIbro









Instituto Departamental de Cultura del Meta - Red Departamental de Bibliotecas Públicas del Meta.